| 000 | 00519nam a2200145Ia 4500 | ||
|---|---|---|---|
| 008 | 200226s9999 xx 000 0 und d | ||
| 020 | _a978-81-313-0184-2 | ||
| 100 | _aBanerjee, Anita | ||
| 245 |
_cAnita Banerjee, B. K. Chakravarti.-- _aHouse-keeping management in hotels / |
||
| 260 |
_aNew Delhi _bS. B. Nangia _c2017 |
||
| 300 |
_axii , 320 pages : _billustrations ; _c23 cm. |
||
| 500 | _aincludes bibligraphical reference and indexes. | ||
| 650 | _aHotel housekeeping -- management. | ||
| 650 | _aHotel management. | ||
| 999 |
_c362994 _d362994 |
||